[Event "Cappelle op"]
[Site "Cappelle la Grande"]
[Date "1993.??.??"]
[Round "5"]
[White "Kraschl, Joerg"]
[Black "Nei, Iivo"]
[Result "0-1"]
[WhiteElo "2225"]
[BlackElo "2395"]

1.Nf3 d5 2.g3 g6 3.Bg2 Bg7 4.O-O e5 5.d3 Ne7 6.Nbd2 O-O 7.e4 d4 8.Nc4 b5
9.Ncd2 a5 10.a4 c6 11.Nb3 Nd7 12.Bd2 b4 13.Bc1 Nb6 14.Nbd2 f5 15.exf5 gxf5
16.Nh4 Be6 17.Re1 Qd6 18.Ndf3 Bd5 19.Bg5 Rae8 20.Bh3 Nbc8 21.Nd2 Qc5 22.b3 Nd6
23.Nc4 Bxc4 24.bxc4 Ng6 25.Qh5 Nxh4 26.Qxh4 Rf7 27.Bh6 e4 28.Bxg7 Rxg7 29.Rad1 Qe5
30.Qh5 c5 31.Kh1 e3 32.Re2 Qf6 33.Qf3 Kh8 34.fxe3 Qh6 35.Bxf5 Rxe3 36.Rxe3 Qxe3
37.Bg4 Qxf3+ 38.Bxf3 Nf5 39.Kg1 Ne3 40.Rd2 Rf7 41.Bg2 Kg7 42.h3 Rf6 43.Re2 h6
44.Kh2 Nf1+ 45.Bxf1 Rxf1 46.Kg2 Ra1 47.Kf3 Rxa4 48.Re7+ Kf6 49.Ra7 Ke5 50.Re7+ Kd6
51.Rh7 Ra2 52.Rxh6+ Ke7 53.Rh7+ Kf6 54.Rh6+ Kg7 55.Ra6 a4 56.Ke4 a3 57.Kd5 Rxc2
58.Kxc5 Rb2 59.Kxd4 a2 60.c5 b3 61.Kc3 Rb1 62.d4 a1=Q+ 63.Rxa1 Rxa1 64.Kxb3 Kf6
65.Kc4 Ra3 66.Kd5 Ke7 67.Kc6 Rxg3 68.d5 Kd8 69.h4 Rh3 70.Kb7 Kd7 71.Kb6 Rb3+
72.Ka5 Rd3  0-1

[Event "Cappelle op"]
[Site "Cappelle la Grande"]
[Date "1993.??.??"]
[Round "5"]
[White "McNab, Colin Anderson"]
[Black "Stoinev, Metodi"]
[Result "1/2-1/2"]
[WhiteElo "2490"]
[BlackElo "2390"]

1.Nf3 d5 2.g3 c6 3.Bg2 Nf6 4.d3 Bg4 5.h3 Bxf3 6.Bxf3 e5 7.O-O Nbd7 8.e4 dxe4
9.dxe4 Bc5 10.Nd2 O-O 11.a4 a5 12.Qe2 Qc7 13.Nc4 Rfe8 14.c3 Bf8 15.Rd1 h6
16.Qc2 Nc5 17.Be3 b5 18.axb5 cxb5 19.Nd2 Rec8 20.Nb3 Ne6 21.Qe2 a4 22.Nc1 a3
23.Nd3 Ra4 24.bxa3 Nxe4 25.Bxe4 Rxe4 26.Qf3 Rc4 27.Qd5 Rxc3 28.Qxb5 Rb8 29.Qd5 Re8
30.Qe4 Rc4 31.Qg2 e4 32.Nf4 Nc5 33.Qf1 Rd8 34.Rxd8 Na4 35.Rd7 Qxd7  1/2-1/2

[Event "Cappelle op"]
[Site "Cappelle la Grande"]
[Date "1993.??.??"]
[Round "9"]
[White "Voiska, Margarita"]
[Black "Dubois, Martine"]
[Result "1-0"]
[WhiteElo "2305"]
[BlackElo "2075"]

1.Nf3 d5 2.g3 Bg4 3.Bg2 c6 4.c4 Nf6 5.cxd5 Bxf3 6.Bxf3 cxd5 7.Bg2 e6 8.d3 Bb4+
9.Nd2 O-O 10.O-O a5 11.Nf3 Nc6 12.Be3 Qe7 13.Qa4 Rfc8 14.Rfc1 Qd7 15.Qd1 a4
16.a3 Be7 17.Bd2 Bd8 18.b4 axb3 19.Qxb3 Ra6 20.Rab1 b6 21.Bc3 Ne8 22.e4 d4
23.Bb2 Nc7 24.Rc2 Na5 25.Qa2 Nc6 26.Qb3 Na5 27.Qb4 Nc6 28.Qd2 Nb5 29.Rbc1 f6
30.Bh3 Nxa3 31.Bxa3 Rxa3 32.Kg2 Rca8 33.Rc4 Na5 34.Rxd4  1-0

[Event "Cattolica"]
[Site "Cattolica"]
[Date "1993.??.??"]
[Round "3"]
[White "Espig, Lutz"]
[Black "Voskanian, Vahagn"]
[Result "1/2-1/2"]
[WhiteElo "2455"]
[BlackElo "2275"]

1.Nf3 d5 2.g3 Nf6 3.Bg2 g6 4.d4 Bg7 5.c4 c6 6.cxd5 cxd5 7.Nc3 Nc6 8.Ne5 O-O
9.O-O Be6 10.Nxc6 bxc6 11.Bf4 Nd7 12.Na4 Qa5 13.Rc1 Rfc8 14.b3 Qb4 15.Be3 Bf5
16.Qe1 Qb5 17.Qd2 a5 18.Rfd1 Nb6 19.Rc5 Qa6 20.Nxb6 Qxb6 21.Rdc1 Bf8 22.Bh6 Bxh6
23.Qxh6 a4 24.bxa4 Qb4 25.Qe3 Qxa4 26.Qxe7 Qxd4 27.Bxd5 cxd5 28.Rxc8+ Rxc8
29.Rxc8+ Bxc8 30.Qd8+ Kg7 31.Qxc8  1/2-1/2

[Event "Cattolica"]
[Site "Cattolica"]
[Date "1993.??.??"]
[Round "7"]
[White "Espig, Lutz"]
[Black "Zsinka, Laszlo"]
[Result "0-1"]
[WhiteElo "2455"]
[BlackElo "2325"]

1.Nf3 d5 2.g3 c6 3.Bg2 Bg4 4.b3 Nd7 5.Bb2 Ngf6 6.d3 Qc7 7.O-O e6 8.c4 Bd6
9.Nc3 Rd8 10.Qc2 Bxf3 11.exf3 O-O 12.f4 Rfe8 13.Rac1 Qb8 14.Rfe1 d4 15.Ne2 c5
16.b4 b6 17.Rb1 Qc7 18.Bc1 Rb8 19.Bd2 Rbd8 20.a3 Re7 21.Nc1 h5 22.Nb3 h4
23.Re2 Rde8 24.Be1 e5 25.fxe5 Bxe5 26.Bf3 Nh7 27.Kf1 Bd6 28.Rxe7 Rxe7 29.bxc5 Bxc5
30.Bb4 Ng5 31.Bg2 Ne5 32.Bxc5 bxc5 33.Qd1 Qc8 34.Nxc5 Ng4 35.h3 Nh2+ 36.Kg1 Nhf3+
37.Kh1 Re1+ 38.Qxe1 Nxe1 39.Ne4 Nxg2 40.Nxg5 f6 41.Kxg2 fxg5 42.Rb5 g4 43.gxh4 gxh3+
44.Kf3 Qc6+  0-1

[Event "Ceske Budejovice op"]
[Site "Ceske Budejovice"]
[Date "1993.??.??"]
[Round "4"]
[White "Sergeev, Vladimir"]
[Black "Shalamberidze, Akaki"]
[Result "1-0"]
[WhiteElo "2440"]
[BlackElo "2330"]

1.Nf3 d5 2.g3 Nf6 3.Bg2 c6 4.b3 Bf5 5.Bb2 Nbd7 6.O-O h6 7.c4 e6 8.d3 Be7
9.Nbd2 O-O 10.a3 a5 11.Ra2 Bh7 12.Qa1 Ne8 13.Rc1 Bd6 14.Ne5 Nc5 15.Bd4 f6
16.Nef3 Nd7 17.Bc3 e5 18.cxd5 cxd5 19.e4 d4 20.Bb2 Nc5 21.Qb1 Bg6 22.Nh4 Bf7
23.Bh3 g6 24.a4 Na6 25.Nc4 Bb4 26.Rf1 Nd6 27.Bc1 Kg7 28.f4 Nxc4 29.bxc4 Nc5
30.Raf2 Qe7 31.fxe5 fxe5 32.Rf6 g5 33.Rb6 Bh5 34.Rxf8 Rxf8 35.Nf5+ Rxf5 36.Bxf5 Qc7
37.Rxb4 axb4 38.g4 Bf7 39.Bd2 b3 40.Bb4 Nxd3 41.Qxd3 Bxc4 42.Qd2 Qc6 43.h4 gxh4
44.Ba3 Qxa4 45.Bc1 Qc6 46.Qb4 b6 47.Qe7+ Bf7 48.Qxe5+ Kg8 49.Bb2 Qc2 50.Qxd4 Qb1+
51.Kh2 Qc2+ 52.Kh3  1-0

[Event "JUG-chT"]
[Site "Cetinje"]
[Date "1993.??.??"]
[Round "?"]
[White "Pavlovic, Milos"]
[Black "Maksimovic, Branimir"]
[Result "1-0"]
[WhiteElo "2455"]
[BlackElo "2370"]

1.Nf3 d5 2.g3 Bg4 3.Bg2 Nd7 4.O-O c6 5.d4 e6 6.b3 Bd6 7.Bb2 Bxf3 8.exf3 Ne7
9.Nd2 O-O 10.c4 a5 11.f4 a4 12.c5 Bc7 13.b4 Nf5 14.a3 b5 15.cxb6 Nxb6 16.Rc1 Bd6
17.Rxc6 Rc8 18.Rxc8 Qxc8 19.Qb1 Qb8 20.Rc1 Be7 21.Bf1 Bf6 22.Nf3 g6 23.Ne5 Nd6
24.Rc6 Bxe5 25.fxe5 Ndc4 26.Bc1 Qb7 27.b5 Rc8 28.Qb4 Rxc6 29.bxc6 Qxc6 30.Qe7 Qc8
31.Bh6 Nd7 32.Bh3 Ncb6 33.Bxe6  1-0

[Event "JUG-chT"]
[Site "Cetinje"]
[Date "1993.??.??"]
[Round "?"]
[White "Damljanovic, Branko"]
[Black "Goldin, Alexander"]
[Result "1/2-1/2"]
[WhiteElo "2570"]
[BlackElo "2540"]

1.Nf3 d5 2.g3 Bg4 3.Bg2 Nd7 4.d3 c6 5.O-O e5 6.e4 dxe4 7.dxe4 Ngf6 8.Nbd2 Qc7
9.h3 Bh5 10.Qe1 Bxf3 11.Nxf3 Bc5 12.h4 O-O 13.Bd2 Bd6 14.Rd1 a5 15.Bc1 Nc5
16.Nh2 Qe7 17.Qe2 Qe6 18.Bf3 Be7 19.b3 h6 20.a3 Rfd8 21.Bb2 Rxd1 22.Rxd1 Rd8
23.Rxd8+ Bxd8 24.a4 Bb6 25.Kg2 Qd6 26.Ng4 Nxg4 27.Bxg4 Na6 28.Bc3 Nb4 29.Be1 Bc5
30.h5 Kf8 31.Qd1 Ke7 32.Kf1 Qd4 33.Qxd4 exd4 34.c3 Nd3 35.cxd4 Bxd4 36.f4 Nc5
37.Bxa5 Nxe4 38.Kg2 b6 39.Be1 Kd6 40.Bf3 Nc5 41.Bd1 Nd3 42.Bd2 Bc5 43.Bc3 f6
44.Kf1 Bb4 45.Bd4 c5 46.Be3 Bc3 47.Be2 Nb4 48.Bc4 Nd5 49.Bc1 f5 50.Bd3 Ke6
51.Bc4 Kd6 52.Bd3 Ke6  1/2-1/2

[Event "JUG-chT"]
[Site "Cetinje"]
[Date "1993.??.??"]
[Round "?"]
[White "Notaros, Krasoje"]
[Black "Misailovic, Nebojsa"]
[Result "1-0"]
[WhiteElo "2360"]
[BlackElo "2420"]

1.Nf3 d5 2.g3 Nf6 3.Bg2 Bf5 4.d3 Nc6 5.O-O e5 6.c3 Qd7 7.Re1 Be7 8.Bg5 h6
9.Bxf6 Bxf6 10.Nfd2 Bh3 11.e4 Bxg2 12.Kxg2 O-O-O 13.Qf3 h5 14.h4 Rh6 15.Nf1 g5
16.hxg5 Bxg5 17.Ne3 Bxe3 18.Qxe3 Rg6 19.Rh1 d4 20.Qf3 dxc3 21.Nxc3 Qxd3 22.Qxf7 Rdg8
23.Qf5+ Kb8 24.Qf3 Qxf3+ 25.Kxf3 Nd4+ 26.Kg2 Ne6 27.Nd5 Rg5 28.Rad1 c6 29.Ne7 R8g7
30.Nf5 Rf7 31.Kf1 Kc7 32.Ke2 Nc5 33.f3 Ne6 34.Rh3 c5 35.Rd5 b6 36.Rxe5 Nd4+
37.Ke3 Nxf5+ 38.exf5 Rgxf5 39.Rxf5 Rxf5 40.Ke4 Rg5 41.f4 Rg8 42.Ke5 Re8+
43.Kf5 Re2 44.Rxh5 c4 45.g4 Rxb2 46.a4 c3 47.Rh3 c2 48.Rc3+ Kd6 49.g5 b5
50.g6 Ke7 51.g7  1-0

[Event "JUG-chT"]
[Site "Cetinje"]
[Date "1993.??.??"]
[Round "?"]
[White "Todorcevic, Miodrag"]
[Black "Blagojevic, Dragisa"]
[Result "1/2-1/2"]
[WhiteElo "2480"]
[BlackElo "2465"]

1.Nf3 d5 2.g3 c6 3.Bg2 Bg4 4.d3 Nd7 5.Nbd2 e6 6.h3 Bh5 7.O-O Bd6 8.e4 Ne7
9.Qe2 O-O 10.Re1 Qc7 11.c3 f6 12.exd5 exd5 13.Qf1 Rfe8 14.Nd4 Nf8 15.N2f3 Qd7
16.Nh2 Bg6 17.h4 Nf5 18.Bh3 Rxe1 19.Qxe1 Qe7 20.Nc2 Qxe1+ 21.Nxe1 Re8 22.Ng2 Ne7
23.Bf4 Bxf4 24.Nxf4 Bf5 25.Re1 Bxh3 26.Nxh3 Kf7 27.Nf3 Ne6 28.Kf1 Nf5 29.Rd1 g6
30.Nhg1 h6 31.Ne2 g5 32.hxg5 hxg5 33.Nc1 Nc5 34.b3 Re7 35.Ne2 Kg6 36.Ned4 Nh6
37.Nh2 Nf5 38.Nxf5 Kxf5 39.Nf3 Kg4 40.Ng1 f5 41.Kg2 f4 42.d4 Nd7 43.gxf4 Kxf4
44.Rd3 g4 45.f3 Nf6 46.fxg4 Nxg4 47.Rf3+ Ke4 48.Ne2 Ne3+ 49.Kf2 Nd1+ 50.Kg2 Ne3+
51.Kf2 Nd1+ 52.Kg2 Ne3+  1/2-1/2

[Event "JUG-chT"]
[Site "Cetinje"]
[Date "1993.??.??"]
[Round "?"]
[White "Todorcevic, Miodrag"]
[Black "Maksimovic, Branimir"]
[Result "1-0"]
[WhiteElo "2480"]
[BlackElo "2370"]

1.g3 d5 2.Nf3 e6 3.Bg2 Nf6 4.O-O Nbd7 5.d3 b6 6.e4 dxe4 7.Ng5 Bb7 8.Nc3 Be7
9.Ngxe4 Nxe4 10.Nxe4 O-O 11.Nf6+ Bxf6 12.Bxb7 Rb8 13.Bg2 g6 14.d4 e5 15.dxe5 Nxe5
16.Qe2 Re8 17.Qa6 Qd7 18.Qxa7 Qf5 19.c3 Rbc8 20.Qa6 h5 21.Bf4 Nd3 22.Bh3 Qe4
23.Bxc8 Nxf4 24.gxf4 Qxf4 25.Rfe1 Be5 26.Kf1 Qxh2 27.Bb7 Re6 28.Bg2 g5 29.Rad1 g4
30.Rd8+ Kg7 31.Qa8 Qf4 32.Rh8 Qc4+ 33.Re2 Kg6 34.Bd5  1-0

[Event "JUG-chT"]
[Site "Cetinje"]
[Date "1993.??.??"]
[Round "?"]
[White "Simic, Radoslav"]
[Black "Vasiljevic, Dragan"]
[Result "1-0"]
[WhiteElo "2470"]
[BlackElo "2405"]

1.g3 d5 2.Nf3 c6 3.Bg2 Bg4 4.O-O Nd7 5.d3 e6 6.c4 Ngf6 7.Nc3 Be7 8.Be3 Bxf3
9.exf3 O-O 10.Qb3 Nb6 11.Na4 Nxa4 12.Qxa4 Nd7 13.b4 a6 14.Qb3 Bf6 15.Rac1 d4
16.Bd2 Qb6 17.f4 Rfe8 18.Rfe1 g6 19.a4 a5 20.c5 Qa7 21.bxa5 Nxc5 22.Qc4 Nd7
23.Rb1 Bd8 24.Rec1 Rc8 25.h4 Be7 26.Bf3 Red8 27.h5 Nf6 28.hxg6 hxg6 29.Qb3 Rd7
30.Rc4 Nd5 31.Bxd5 exd5 32.Rcc1 Bd8 33.f5 Bxa5 34.Qd1 Bxd2 35.Qxd2 Qb8 36.Kg2 Qe5
37.Rh1 Rcd8 38.Qh6 Qg7 39.Qg5 f6 40.Qf4 g5 41.Qxd4 Re8 42.Rh3 Re5 43.Rbh1 Rde7
44.Rh6 Rxf5 45.Qg4 Rxf2+ 46.Kxf2 f5 47.Rh8+ Qxh8 48.Rxh8+ Kxh8 49.Qxg5  1-0

[Event "JUG-chT"]
[Site "Cetinje"]
[Date "1993.??.??"]
[Round "?"]
[White "Kostic, V Vladimir"]
[Black "Djukic, Zeljko"]
[Result "0-1"]
[WhiteElo "2330"]
[BlackElo "2370"]

1.Nf3 d5 2.g3 c6 3.Bg2 Bf5 4.O-O e6 5.d3 h6 6.Nbd2 Nf6 7.Qe1 Bc5 8.e4 Bh7
9.Qe2 O-O 10.e5 Nfd7 11.Re1 a5 12.a3 Na6 13.Nf1 b5 14.b3 Qb6 15.Bb2 Rab8
16.h4 Be7 17.N3h2 Rfc8 18.Reb1 a4 19.bxa4 bxa4 20.Nd2 Nc7 21.Ng4 Nb5 22.Ne3 Qc5
23.Qg4 Nc3 24.Bxc3 Qxc3 25.Ndf1 Rxb1 26.Rxb1 Qxa3 27.Rb7 Nxe5 28.Qd4 Bf6
29.Qa7 d4 30.Nd1 Bg6 31.Nb2 c5 32.f4 Ng4 33.Qxa4 Qc3 34.Nc4 Qe1 35.Qd7 Rf8
36.Nd2 Qf2+ 37.Kh1 Ne3 38.Qc6 Nxc2 39.Qxc5 Ne3 40.Nxe3 Qxe3 41.Nf1 Qxd3 42.Rd7 Rb8
43.Ra7 Be4 44.Qc1 Rb1  0-1

[Event "JUG-chT"]
[Site "Cetinje"]
[Date "1993.??.??"]
[Round "?"]
[White "Lazic, Dragoljub"]
[Black "Blagojevic, Dragisa"]
[Result "1/2-1/2"]
[WhiteElo "2320"]
[BlackElo "2465"]

1.Nf3 d5 2.g3 c6 3.Bg2 Bg4 4.d3 Nd7 5.Nbd2 e6 6.O-O Bd6 7.h3 Bh5 8.Qe1 Ne7
9.e4 O-O 10.Nh4 Qc7 11.Nb3 dxe4 12.dxe4 f6 13.Be3 a5 14.Qd2 Rfd8 15.Nd4 Nf8
16.Qc3 Bf7 17.a3 Nd7 18.Rfd1 b5 19.b3 a4 20.Bf1 Nc5 21.Nxb5 cxb5 22.Rxd6 Rxd6
23.Bxc5 axb3 24.cxb3 Rc6 25.b4 Rb8 26.Nf3 e5 27.Nd2 Nc8 28.Nb3 Nd6 29.Bd3 Nb7
30.a4 bxa4 31.Rxa4 Nxc5 32.Nxc5 h6 33.Qa3 Qd6 34.Kg2 Qd4 35.b5 Qxc5 36.bxc6 Qxc6
37.Ra7 Qe8 38.Qa6 Rd8 39.Bb5 Qf8 40.Bc6 Kh7 41.Rc7 Kg8 42.Qa7 Be6 43.Qb7 Kh8
44.Bd5 Bg8 45.h4 Rb8 46.Qc6 Qe8 47.Qxe8  1/2-1/2

[Event "JUG-chT"]
[Site "Cetinje"]
[Date "1993.??.??"]
[Round "?"]
[White "Vukic, Milan"]
[Black "Drasko, Milan"]
[Result "0-1"]
[WhiteElo "2460"]
[BlackElo "2520"]

1.Nf3 d5 2.g3 c6 3.Bg2 Bg4 4.b3 Nd7 5.Bb2 Ngf6 6.O-O e6 7.c4 Bd6 8.d4 O-O
9.Nbd2 Qe7 10.a3 e5 11.cxd5 cxd5 12.dxe5 Nxe5 13.h3 Bd7 14.Nxe5 Bxe5 15.Bxe5 Qxe5
16.Nf3 Qd6 17.Nd4 a5 18.a4 Rac8 19.Qd2 b6 20.Rfd1 Rfe8 21.Qf4 Qxf4 22.gxf4 Rc5
23.e3 Ne4 24.Rd3 Rec8 25.Bf1 Kf8 26.Kg2 g6 27.Rdd1 Bxh3+ 28.Kxh3 Nxf2+ 29.Kg3 Nxd1
30.Rxd1 Rc1 31.Rxc1 Rxc1 32.Bg2 Rc5 33.f5 Ke7 34.Kf4 Kf6 35.Bf3 h5 36.Be2 g5+
37.Kf3 Ke5 38.Bd1 g4+ 39.Ke2 Rc8 40.Bc2 h4 41.Kf2 h3 42.Kg3 Rc3 43.Kxg4 Rxc2  0-1

[Event "JUG-chT"]
[Site "Cetinje"]
[Date "1993.??.??"]
[Round "?"]
[White "Martinovic, Slobodan"]
[Black "Kostic, V Vladimir"]
[Result "1/2-1/2"]
[WhiteElo "2465"]
[BlackElo "2330"]

1.Nf3 d5 2.g3 g6 3.c4 c6 4.Qa4 dxc4 5.Qxc4 Bg7 6.Bg2 Nf6 7.O-O O-O 8.Nc3 Na6
9.d3 Nc7 10.Qh4 Ne6 11.Bh6 Re8 12.Rfd1 Nf8 13.h3 Qa5 14.d4 Be6 15.Ng5 Rad8
16.e3 Qb4 17.Rab1 Rd7 18.a3 Qa5 19.Rdc1 Red8 20.g4 Bd5 21.Nxd5 cxd5 22.Rc5 Qb6
23.b4 Ne6 24.Nxe6 Qxe6 25.Bxg7 Kxg7 26.g5 Ne8 27.Qg3 b6 28.Rcc1 Nd6 29.h4 Nf5
30.Qf4 Qd6 31.Qg4 Rc7 32.h5 Rdc8 33.h6+ Kf8 34.Qd1 e6 35.Rxc7 Rxc7 36.Rc1 Qd8
37.Rxc7  1/2-1/2

[Event "JUG-chT"]
[Site "Cetinje"]
[Date "1993.??.??"]
[Round "?"]
[White "Vukic, Milan"]
[Black "Kostic, V Vladimir"]
[Result "1-0"]
[WhiteElo "2460"]
[BlackElo "2330"]

1.Nf3 d5 2.g3 Nf6 3.Bg2 g6 4.c4 c6 5.b3 Bg7 6.Bb2 O-O 7.O-O b6 8.Qc2 Bb7
9.d4 Nbd7 10.Nc3 Qc7 11.e4 Nxe4 12.Nxe4 dxe4 13.Qxe4 Rfe8 14.Rad1 Rad8 15.Qc2 e6
16.Rfe1 c5 17.d5 exd5 18.Rxe8+ Rxe8 19.cxd5 Qd6 20.Bxg7 Kxg7 21.Nd2 Qf6 22.Ne4 Qe5
23.f4 Qe7 24.Qc3+ Kg8 25.Bf3 Qf8 26.Qc4 Qe7 27.Re1 Qd8 28.Kf2 Ba8 29.h3 h6
30.Re2 Kf8 31.b4 f5 32.Nc3 Rxe2+ 33.Nxe2 cxb4 34.Qxb4+ Nc5 35.Qd4 Kf7 36.Ke3 Bb7
37.Qe5 Ba6 38.Nd4 Bc4 39.a3 a5 40.d6 Qe8 41.Bc6 Qxe5+ 42.fxe5 Be6 43.h4 g5
44.hxg5 hxg5 45.Nf3 Kg6 46.Be8+ Kh6 47.Nd4 Bc8 48.Bf7 Kg7 49.Bd5 Kg6 50.Bc4 Kg7
51.Ba2 Ne4 52.Be6 Bxe6 53.Nxe6+ Kf7 54.d7  1-0

[Event "Cheliabinsk"]
[Site "Cheliabinsk"]
[Date "1993.??.??"]
[Round "?"]
[White "Vakhidov, Tahir"]
[Black "Tolstikh, Nikolay"]
[Result "1/2-1/2"]
[WhiteElo "2470"]
[BlackElo "2380"]

1.Nf3 d5 2.g3 c6 3.Bg2 Bg4 4.O-O Nd7 5.d3 e6 6.Nbd2 Bd6 7.c4 Ne7 8.b3 O-O
9.Bb2 a5 10.a3 b5 11.cxb5 cxb5 12.Rc1 e5 13.Rc2 f6 14.Qb1 Rc8 15.Rfc1 Rxc2
16.Rxc2 Qb8 17.Qc1 Rc8 18.Kf1 Rxc2 19.Qxc2 Qc8 20.Ne1 Be6 21.e3 Qa6 22.Bf3 b4
23.a4 e4 24.Be2 Ne5 25.Kg1 f5 26.Qb1 N7g6 27.Bf1 Qc8 28.Nc2 Nc6  1/2-1/2

[Event "Cheliabinsk"]
[Site "Cheliabinsk"]
[Date "1993.??.??"]
[Round "?"]
[White "Vakhidov, Tahir"]
[Black "Bashkov, Viacheslav"]
[Result "1-0"]
[WhiteElo "2470"]
[BlackElo "2430"]

1.Nf3 d5 2.g3 Nf6 3.Bg2 e6 4.O-O Be7 5.d3 c5 6.Nbd2 Nc6 7.e4 b6 8.Re1 Bb7
9.c3 Qc7 10.e5 Nd7 11.Nf1 Ncxe5 12.Nxe5 Nxe5 13.Bf4 Bd6 14.Bxe5 Bxe5 15.Qh5 Bd6
16.Rxe6+ Kf8 17.Re2 g6 18.Qh6+ Kg8 19.Ne3 Bf8 20.Qh4 Qd8 21.Qf4 h5 22.Rae1 Bh6
23.Qf3 Kg7 24.Nxd5 Bxd5 25.Qxd5 Qxd5 26.Bxd5 Rad8 27.Bc4 Bg5 28.h4 Bf6 29.a4 Rd6
30.Kg2 Ra8 31.Re4 Kf8 32.Kh3 Kg7 33.Rf4 Rad8 34.f3 R8d7 35.Re8 Rd8 36.Re2 Rh8
37.Kg2 Rd7 38.Rfe4 Ra8 39.Ba6 Rd6 40.Re1 Rb8 41.R1e2 Rbd8 42.Kf2 Rb8 43.Ke1 Rbd8
44.Kd2 Rb8 45.Kc2 Kf8 46.Bb5 Kg7 47.Kb3 Ra8 48.Bc4 Rb8 49.Re8 Rxe8 50.Rxe8 Rd8
51.Re4 Rd7 52.Bb5 Re7 53.f4 Kf8 54.Kc4 Bg7 55.Kd5 f6 56.Kd6 Rxe4 57.dxe4 Kf7
58.Bc4+ Ke8 59.Ke6 Kf8 60.Bd3 Ke8 61.e5 f5  1-0

[Event "Clichy"]
[Site "Clichy"]
[Date "1993.??.??"]
[Round "6"]
[White "Moingt, Jean Claude"]
[Black "Mozny, Milos"]
[Result "1/2-1/2"]
[WhiteElo "2220"]
[BlackElo "2410"]

1.Nf3 d5 2.g3 g6 3.Bg2 Bg7 4.O-O e5 5.d3 c6 6.e4 dxe4 7.dxe4 Qxd1 8.Rxd1 h6
9.Nbd2 Be6 10.Bf1 Nd7 11.Bc4 Bg4 12.Kg2 Nb6 13.h3 Bd7 14.Bb3 Rd8 15.a4 a5
16.Re1  1/2-1/2

[Event "Clichy"]
[Site "Clichy"]
[Date "1993.??.??"]
[Round "10"]
[White "Moingt, Jean Claude"]
[Black "Boudre, Jean Pierre"]
[Result "1-0"]
[WhiteElo "2220"]
[BlackElo "2380"]

1.Nf3 d5 2.g3 c6 3.Bg2 Bg4 4.O-O Nd7 5.d3 e6 6.Nbd2 Bd6 7.h3 Bh5 8.e4 Ne7
9.Qe1 O-O 10.b3 c5 11.Bb2 Nc6 12.a3 Re8 13.Nh2 Nd4 14.Bxd4 cxd4 15.f4 Rc8
16.Ra2 f6 17.Qf2 dxe4 18.Nxe4 Bc7 19.Nf3 e5 20.g4 Bf7 21.f5 Nb6 22.g5 Nd5
23.gxf6 gxf6 24.Qh4 Kh8 25.Nfg5 Bg8 26.Qh6 Qe7 27.Ne6 Bd8 28.Nd6 Bxe6 29.Nxc8 Bxc8
30.Bxd5 Qd6 31.Bf7 Rf8 32.Bg6 Qe7 33.Bxh7 e4 34.Kh1 Bd7 35.Bg8+  1-0

[Event "Copenhagen op15"]
[Site "Copenhagen"]
[Date "1993.??.??"]
[Round "4"]
[White "Kharlov, Andrei"]
[Black "Morris, Philip"]
[Result "1-0"]
[WhiteElo "2580"]
[BlackElo "2370"]

1.g3 d5 2.Nf3 Nf6 3.Bg2 g6 4.O-O Bg7 5.c4 O-O 6.cxd5 Nxd5 7.Nc3 Nc6 8.Qb3 Nb6
9.d3 Bg4 10.Be3 Rb8 11.Rac1 e5 12.Qa3 Nd4 13.Qxa7 f5 14.Qa5 Re8 15.Bg5 Nxf3+
16.exf3 Qxg5 17.fxg4 Qxg4 18.Nd5 Nxd5 19.Qxd5+ Kh8 20.Rxc7 e4 21.Qd7 Rg8
22.dxe4 Rbd8 23.Qe6 Rde8 24.Qb3 fxe4 25.Rxb7 Rgf8 26.a4 Bd4 27.Rf7 Qe2 28.Qb7 Rb8
29.Qd7 Rxf7 30.Qxf7 e3 31.fxe3 Qxe3+ 32.Kh1 Bxb2 33.a5 Bd4 34.a6 Rd8 35.a7 Qa3
36.Rd1 Qa4 37.Bf3 Rg8 38.Qxg8+  1-0

[Event "Copenhagen op15"]
[Site "Copenhagen"]
[Date "1993.??.??"]
[Round "6"]
[White "Berg, Klaus"]
[Black "Kristensen, Kaare"]
[Result "1-0"]
[WhiteElo "2395"]
[BlackElo "2295"]

1.Nf3 d5 2.g3 Nf6 3.Bg2 Bg4 4.Ne5 Bf5 5.c4 c6 6.cxd5 cxd5 7.Qa4+ Nbd7 8.Nc3 e6
9.d3 Bd6 10.Nxd7 Qxd7 11.Qxd7+ Nxd7 12.e4 dxe4 13.dxe4 Bg6 14.f4 f6 15.Be3 Bc5
16.Kf2 Ke7 17.Rac1 Rac8 18.Rhd1 Rhd8 19.Nb5 Bxe3+ 20.Kxe3 a6 21.Nd4 e5 22.Nf5+ Bxf5
23.exf5 exf4+ 24.gxf4 Rxc1 25.Rxc1 b6 26.b4 g6 27.Be4 gxf5 28.Bxf5 h6 29.Rc6 a5
30.a3 axb4 31.axb4 b5 32.Ke4 Re8 33.Re6+ Kf7 34.Rxe8 Kxe8 35.Bxd7+ Kxd7 36.Kd5  1-0

[Event "Maffeis mem"]
[Site "Cordoba"]
[Date "1993.??.??"]
[Round "3"]
[White "Bazan, Osvaldo"]
[Black "Villegas, Sandra"]
[Result "1-0"]
[WhiteElo "2255"]
[BlackElo "2030"]

1.Nf3 d5 2.g3 c6 3.Bg2 Nf6 4.b3 Bg4 5.Bb2 Bxf3 6.exf3 e6 7.O-O Bd6 8.Re1 O-O
9.d4 Qb6 10.Nc3 Nbd7 11.f4 Rfe8 12.Qd3 a6 13.Rad1 Rac8 14.Re2 Qc7 15.Nb1 b5
16.c4 Bf8 17.cxb5 axb5 18.a3 g6 19.Rc1 Qb6 20.Rec2 Rc7 21.h3 Rec8 22.Nd2 c5
23.dxc5 Bxc5 24.Kf1 Be7 25.Bf3 Nc5 26.Qd4 Qd6 27.Kg2 Nxb3 28.Rxc7 Nxd4 29.Rxc8+ Kg7
30.Bxd4 h6  1-0

[Event "CUB-ch"]
[Site "?"]
[Date "1993.??.??"]
[Round "9"]
[White "Hedman Senarega, Jose Antonio"]
[Black "Perez, Isael"]
[Result "1/2-1/2"]
[WhiteElo "2320"]
[BlackElo "2250"]

1.Nf3 d5 2.g3 Nf6 3.Bg2 Bg4 4.d3 c6 5.h3 Bh5 6.Nbd2 Nbd7 7.e4 e5 8.O-O Bd6
9.Re1 O-O 10.g4 Bg6 11.Nh4 Re8 12.Nf5 Bf8 13.Nf1 Qc7 14.N1g3 dxe4 15.dxe4 Nc5
16.Qf3 Nfd7 17.Bf1 a5 18.h4 b5 19.g5 Ne6 20.a4 Bxf5 21.exf5 Nd4 22.Qd1 Nc5
23.Be3 Rad8 24.axb5 Ndb3  1/2-1/2

[Event "Cuxhaven op"]
[Site "Cuxhaven"]
[Date "1993.??.??"]
[Round "6"]
[White "Giorgadze, Giorgi"]
[Black "Meins, Gerlef"]
[Result "1-0"]
[WhiteElo "2555"]
[BlackElo "2430"]

1.Nf3 d5 2.g3 Nf6 3.Bg2 g6 4.b3 Bg7 5.Bb2 O-O 6.O-O c5 7.c4 d4 8.b4 Qb6 9.Qb3 Nc6
10.b5 Na5 11.Qc2 e5 12.d3 Re8 13.Nbd2 Bf5 14.Nh4 Bg4 15.e4 dxe3 16.fxe3 Rad8
17.Bc3 Qc7 18.h3 Bc8 19.g4 b6 20.Ne4 Qe7 21.Qf2 Nxe4 22.Bxe4 Nb7 23.Bd5 Nd6
24.e4 Be6 25.a4 Bxd5 26.cxd5 Rf8 27.Qg3 f6 28.Nf3 Rde8 29.Rae1 Bh6 30.g5 Bg7
31.gxf6 Bxf6 32.Bd2 Nf7 33.h4 Kg7 34.Re2 h6 35.h5 Ng5 36.Nh4 Nh3+ 37.Kh2 Bxh4
38.Qxg6+  1-0

[Event "CZE Tschechien-ch"]
[Site "?"]
[Date "1993.??.??"]
[Round "5"]
[White "Smejkal, Jan"]
[Black "Suran, Jan"]
[Result "1-0"]
[WhiteElo "2110"]
[BlackElo "2200"]

1.Nf3 d5 2.g3 c6 3.Bg2 Bg4 4.d3 Nd7 5.Nbd2 Ngf6 6.c3 e5 7.Qc2 Bd6 8.O-O O-O
9.e4 Qc7 10.h3 Bh5 11.Nh4 dxe4 12.dxe4 Rfe8 13.Nc4 Bf8 14.a4 a5 15.Bg5 h6
16.Bc1 Rad8 17.Be3 Bc5 18.Bc1 Nh7 19.Nxa5 Qxa5 20.b4 Qa6 21.bxc5 Be2 22.Be3 Bxf1
23.Bxf1 Qa5 24.Nf5 Nxc5 25.Bc4 Ng5 26.Kg2 Nge6 27.Qe2 b5 28.Bxc5 bxc4 29.Bb4 Qc7
30.Qxc4 Rd2 31.Bc5 Nxc5 32.Qxc5 Rb8 33.Rf1 Kh7 34.Ne3 Qd6 35.Qa7 Rf8 36.Nc4 Qd7
37.Qc5 Rd8 38.Nxd2 Qxd2 39.Qxe5  1-0

[Event "CZE Tschechien-ch"]
[Site "?"]
[Date "1993.??.??"]
[Round "7"]
[White "Smejkal, Ladislav"]
[Black "Jirovsky, Pavel"]
[Result "1/2-1/2"]
[WhiteElo "2110"]
[BlackElo "2290"]

1.Nf3 d5 2.g3 Nf6 3.Bg2 e6 4.O-O Be7 5.d3 O-O 6.Nbd2 c5 7.e4 Nc6 8.c3 b6
9.e5 Nd7 10.Re1 Qc7 11.Qe2 a5 12.h4 Ba6 13.Nf1 b5 14.b3 Rad8 15.Bf4 a4 16.h5 h6
17.N1h2 Qa5  1/2-1/2

[Event "CZE Tschechien-ch"]
[Site "?"]
[Date "1993.??.??"]
[Round "8"]
[White "Hausner, Ivan"]
[Black "Brychta, Ivan"]
[Result "1-0"]
[WhiteElo "2465"]
[BlackElo "2300"]

1.Nf3 d5 2.g3 c5 3.Bg2 Nc6 4.d4 e6 5.O-O Nf6 6.c4 cxd4 7.Nxd4 Bc5 8.Nb3 Be7
9.Nc3 dxc4 10.Qxd8+ Bxd8 11.Nd2 Na5 12.Nb5 O-O 13.Nd6 Nd5 14.N2xc4 Nxc4 15.Nxc4 Bf6
16.e4 Nb6 17.e5 Nxc4 18.exf6 gxf6 19.b3 Nb6 20.Bb2 Kg7 21.Rfd1 Nd5 22.Bxd5 exd5
23.Rxd5 Be6 24.Rg5+ Kh6 25.Bxf6 Rg8 26.Rxg8 Rxg8 27.Rd1 Rc8 28.Rd2 Kg6 29.Bb2 a5
30.f3 b5 31.Kf2 b4 32.g4 h5 33.h3 hxg4 34.hxg4 Rc6 35.Kg3 f5 36.Kf4 fxg4
37.fxg4 a4 38.bxa4 Bxa2 39.Bd4 Be6 40.a5 b3 41.g5 Rc4 42.a6 b2 43.Rxb2 Rxd4+
44.Ke5 Ra4 45.Rb6 Kf7 46.g6+ Kxg6 47.Kxe6 Kg7 48.Rb7+ Kg6  1-0

[Event "CZE-ch (Women)"]
[Site "?"]
[Date "1993.??.??"]
[Round "?"]
[White "Hallerova, Eva"]
[Black "Pallova, Martina"]
[Result "0-1"]
[WhiteElo "2225"]
[BlackElo "2035"]

1.Nf3 d5 2.g3 g6 3.Bg2 Bg7 4.d3 e5 5.O-O Ne7 6.Nbd2 O-O 7.e4 f5 8.exd5 Nxd5
9.Nc4 Nc6 10.Re1 Re8 11.Bg5 Qd7 12.d4 exd4 13.Rxe8+ Qxe8 14.Nxd4 Nxd4 15.Bxd5+ Be6
16.Bxe6+ Qxe6 17.Nd2 Ne2+ 18.Kg2 Bxb2 19.Rb1 Nc3 20.Qf3 Nxb1 21.Qxb7 Re8
22.Nxb1 Qe4+  0-1

[Event "CZE-ch"]
[Site "?"]
[Date "1993.??.??"]
[Round "1"]
[White "Vavruska, David"]
[Black "Haba, Petr"]
[Result "1/2-1/2"]
[WhiteElo "2280"]
[BlackElo "2485"]

1.Nf3 d5 2.g3 Nf6 3.Bg2 c6 4.O-O Bf5 5.d3 e6 6.Nbd2 h6 7.a4 a5 8.c4 Be7 9.cxd5 exd5
10.Nd4 Bh7 11.N2b3 Na6 12.Bd2 Nb4 13.Nc2 Nxc2 14.Qxc2 O-O 15.Be3 Re8 16.Rfe1 Ng4
17.Bc5 Bf6 18.Bd4 Bxd4 19.Nxd4 Qb6 20.Qc3 Re7 21.h3 Ne5 22.Nb3 Bg6 23.Qc5 Qxc5
24.Nxc5 b6 25.Nb3 Rd8 26.Rac1 c5 27.d4 c4 28.dxe5 cxb3 29.f4 Bc2 30.e3 d4
31.exd4 Rxd4 32.Bc6 Kf8 33.Bb5 Rd2 34.Re3 Rc7 35.Rxb3 Rc5 36.Rc3 Rxc3 37.bxc3 Be4
38.Re1  1/2-1/2